Statistics for Computer File Extensions

Click here to take the quiz!

General Stats

  • This quiz has been taken 184 times
  • The average score is 4 of 10

Answer Stats

QuestionsAnswer% Correct
Zip file.zip
96%
Animated image format.gif
83%
Image format that uses lossless compression.png
56%
An uncompressed audio file.wav
54%
Microsoft Excel workbook extension (2007 onwards).xlsx
42%
Can run a program or script when opened and commonly linked with viruses.bat
38%
A simple executable file.com
10%
GIMP image editing program associated file extension.xcf
9%
Another uncompressed audio file.aiff
5%
Medical image format for storing x-rays, ultrasounds, etc..dcm
2%

Score Distribution

Percentile by Number Answered

Percent of People with Each Score

Your Score History

You have not taken this quiz